[Event "BAN-chT Golden Jubilee 2021-22"]
[Site "Dhaka"]
[Date "2022.03.19"]
[Round "10.18"]
[White "Zia, Tahsin Tajwar"]
[Black "Aditya Mittal"]
[Result "1/2-1/2"]
[WhiteElo "2283"]
[BlackElo "2487"]
[Annotator "TA"]
[PlyCount "72"]
[EventDate "2022.03.10"]
[EventType "team-tourn"]
[EventCountry "BAN"]
[SourceTitle "playchess.com"]
[Source "ChessBase"]
[SourceQuality "1"]

{[%evp 19,72,18,31,29,37,41,35,30,30,25,27,12,20,0,0,0,0,0,0,0,0,0,20,0,0,0,22,22,21,22,23,16,16,21,23,23,23,23,24,0,42,0,27,57,57,0,29,29,29,31,31,0,33,0,48]} 1. d4 Nf6 2. c4 e6 3. Nc3 Bb4 4. a3 Bxc3+ 5. bxc3 b6 6. f3 c5 7. e4 d6 8. Bd3 Nc6 9. Ne2 {[%cal Bg1e2,Be2g3,Bg3f5][%mdl 32]} e5 10. O-O O-O {[%cal Rc5d4]} 11. d5 {E29: Nimzo-Indian: Sämisch: 5...0-0 6 e3 c5 7 Bd3 Nc6.} Na5 12. Ng3 Re8 13. Be3 {[#] White is slightly better.} Nd7 $146 {[%cal Bf6d7,Bd7f8,Bf8g6,Bg6f4][%mdl 32]} ({Predecessor:} 13... Bd7 14. a4 a6 15. Qe2 Rf8 16. h3 Qe8 17. Bc2 b5 18. axb5 axb5 19. Bd3 bxc4 {½-½ (42) Prachar,J (1867)-Straub,P (2117) Neustadt an der Weinstrasse 2015}) 14. Nf5 Nf8 15. Qe1 Ng6 16. Qg3 {Prevents Nf4.} Bxf5 17. exf5 Nf4 18. Bxf4 exf4 19. Qxf4 Qf6 $1 20. Rac1 g5 21. Qg3 {[#] Strongly threatening f4.} Re3 22. Rcd1 h6 23. Rfe1 Rae8 24. Qf2 R3e5 25. Kf1 Kf8 26. Qd2 Kg7 27. g3 Nb3 28. Qc2 Na5 29. Qd2 Kf8 (29... Nb3 $11 {should be considered.} 30. Qf2 Kf8) 30. Qc2 (30. Rxe5 $14 {is more appropriate.} Rxe5 31. f4 Rxf5 32. Kg2 (32. Bxf5 Qxf5 33. Kg1 Nxc4 $14) 32... gxf4 33. Bxf5 Qxf5 34. Qxf4 Qxf4 35. gxf4) 30... R8e7 31. Kf2 Kg7 32. Kf1 (32. Rxe5 $14 Qxe5 33. Qe2) 32... h5 33. Kf2 Re8 34. Qd2 Nb3 35. Qc2 (35. Qb2 $5 {[%cal Rb2b3]} Na5 36. Qd2 $16) 35... Na5 36. Qd2 Nb3 {Weighted Error Value: White=0.10 (very precise) /Black=0.06 (flawless)} 1/2-1/2

[Event "BAN-chT Golden Jubilee 2021-22"]
[Site "Dhaka"]
[Date "2022.03.19"]
[Round "10.19"]
[White "Pranav Vijay"]
[Black "Puranik, Abhimanyu"]
[Result "1/2-1/2"]
[WhiteElo "2265"]
[BlackElo "2618"]
[Annotator "TA"]
[PlyCount "62"]
[EventDate "2022.03.10"]
[EventType "team-tourn"]
[EventCountry "BAN"]
[SourceTitle "playchess.com"]
[Source "ChessBase"]
[SourceQuality "1"]

{[%evp 15,62,20,23,19,21,21,18,15,23,1,20,13,21,18,18,0,0,0,0,0,0,0,21,7,69,65,63,38,43,22,27,38,42,22,45,45,63,59,54,66,52,26,66,72,71,65,89,77,55]} 1. e4 e5 2. Nf3 Nc6 3. Bb5 {[%cal Bf1b5,Bb5a4,Ba4b3,Bb3a2][%mdl 32]} a6 4. Ba4 Nf6 5. O-O b5 6. Bb3 Bb7 7. d3 Be7 8. Nc3 O-O 9. a3 {C84: Closed Ruy Lopez: Unusual White 6th moves.} Nd4 10. Ba2 Nxf3+ 11. Qxf3 {The position is equal.} d6 12. Be3 Kh8 13. Rad1 {[#]} c5 $146 ({Predecessor:} 13... Qd7 14. d4 exd4 15. Bxd4 Rae8 16. Nd5 Nxd5 17. Bxd5 Bxd5 18. exd5 f5 19. Rfe1 Bf6 20. Bxf6 Rxf6 21. Rxe8+ Qxe8 {½-½ (47) Murzin,V (2478)-Dudin,G (2418) Loo 2021}) 14. h3 Rc8 15. Ne2 d5 16. Ng3 dxe4 17. dxe4 Qc7 18. c4 Bc6 19. Rfe1 Qb7 ({Black should play} 19... b4 $11) 20. Bg5 $14 Ng8 21. Bc1 {White is more active.} g6 22. cxb5 axb5 23. Bd5 ({Not} 23. Bxf7 $2 Bd8 24. Qe3 Rxf7 $19) 23... c4 24. Bxc6 ({Don't go for} 24. Bxf7 $2 Bd8 25. Qc3 Rxf7 $19) (24. Ne2 {is more complex.} Bc5 25. Nc3 Kg7 26. g4 Bd4 27. Be3) 24... Qxc6 25. Rd5 f6 26. Red1 $1 b4 27. axb4 Bxb4 28. Ne2 Bc5 29. Be3 Bxe3 30. Qxe3 Rb8 31. Rc5 Qb6 {Weighted Error Value: White=0.07 (flawless) /Black=0.10 (very precise)} 1/2-1/2

[Event "BAN-chT Golden Jubilee 2021-22"]
[Site "Dhaka"]
[Date "2022.03.19"]
[Round "10.20"]
[White "Mitrabha, Guha"]
[Black "Chatterjee, Debaraj"]
[Result "1/2-1/2"]
[WhiteElo "2510"]
[BlackElo "2196"]
[Annotator "TA"]
[PlyCount "172"]
[EventDate "2022.03.10"]
[EventType "team-tourn"]
[EventCountry "BAN"]
[SourceTitle "playchess.com"]
[Source "ChessBase"]
[SourceQuality "1"]

{[%evp 18,172,20,14,13,0,31,34,34,27,48,28,54,35,42,46,68,55,58,36,62,60,61,44,60,27,29,-27,16,-36,-44,-56,-61,-71,-79,-77,-81,-79,-79,-105,-17,-140,-131,-177,-147,-170,-170,-177,-184,-176,-176,-170,-179,-175,-182,-178,-178,-200,-155,-154,-151,-165,-100,-232,-231,-279,-221,-283,-272,-263,-179,-168,-175,-252,-218,-194,-69,-70,-69,-66,0,0,0,-68,0,-33,-3,-168,-171,-140,-140,-168,-16,-216,0,-20,-8,-23,0,0,0,0,0,0,0,0,0,0,0,-27,0,0,0,0,0,0,0,0,0,-1716,-1251,-660,-599,-29968,-29971,-29971,-29972,-29972,-29971,-29968,-29969,-29967,0,-29966,-29968,-29968,-29969,-29967,-29970,-29939,0,0,0,0,0,0,0,0,0,0,0,0,0,0,0,0,0]} 1. d4 Nf6 2. Nf3 g6 3. Nbd2 Bg7 4. e4 d6 5. Bb5+ c6 6. Bd3 O-O 7. O-O Nbd7 8. Re1 e5 9. c3 Re8 10. a4 $1 {[%mdl 4] is now more promising than 10.h3.} Qc7 {A48: 1 d4 Nf6 2 Nf3 g6: Torre, London and Colle Systems.} 11. Nf1 {[#]} Nh5 $146 ({Predecessor:} 11... b6 12. Ng3 Bb7 13. h3 Rad8 14. Qc2 Nf8 15. dxe5 dxe5 16. Be3 Ne6 17. Bc4 Bf8 {1-0 (51) Yurovskich,O (2267)-Bondarets,V (2236) Lvov 2019}) 12. a5 Nf8 {White is slightly better.} 13. Be3 Bg4 14. dxe5 dxe5 15. h3 Bxf3 16. Qxf3 Nf4 17. Bc2 b5 18. h4 (18. axb6 $5 axb6 19. g3 $14) 18... N8e6 19. g3 Nh5 20. Nh2 Nf6 21. Bb3 h5 22. Kh1 (22. Red1 $142) 22... Rad8 (22... c5 {deserves consideration.}) 23. Rg1 (23. Bg5 $11 Qe7 24. Qe3) 23... c5 $15 24. Bxe6 Rxe6 25. g4 Qc6 26. gxh5 Nxh5 (26... Qxe4 27. hxg6 fxg6 28. Qxe4 Nxe4 29. Rg4 $16) 27. Bg5 Rd7 28. Nf1 f6 (28... Nf4 $17 {aiming for ...Rd3.} 29. Bxf4 exf4) 29. Be3 (29. Bh6 $1 $11 {remains equal.}) 29... f5 $1 $17 {[%cal Bf6f5,Bf5f4][%mdl 32]} 30. Re1 (30. b3 $17 {was called for.}) 30... f4 (30... fxe4 31. Qg4 $17) 31. Bc1 c4 $36 {[%mdl 2048] Black has strong initiative.} 32. Nh2 Rd3 33. Qg4 Red6 {[%cal Be6d6,Bd6d7,Bd7d3][%mdl 32]} 34. Nf3 Qd7 35. Qxd7 Rxd7 36. Kg2 Bf6 37. Re2 a6 38. Rd2 Rxd2 39. Bxd2 Rd3 ({Better is} 39... Ng7 $19 {Hoping for ...Ne6.} 40. Rb1 Ne6) 40. Bc1 (40. Rb1 $17 {was worth a try.}) 40... Kf7 $19 41. Bd2 Ke6 {[%cal Of6h4]} 42. Rb1 {[#]} Bxh4 $1 {[%mdl 512]} 43. Nxh4 Rxd2 {[%mdl 4096] Endgame KRN-KRN} 44. Nf3 Rd3 45. Rh1 (45. Ng5+ $142 Kf6 46. Nh7+ Ke7 47. Ng5) 45... Kf6 $1 46. Rh4 b4 ({Black should play} 46... Rd1 $19 {And now ...Rb1 would win.} 47. Rg4 Rb1) 47. cxb4 $15 {[%cal Ob4b5]} Rb3 {[%csl LRb2,LRb4]} 48. Rh1 $1 Ke6 (48... Rxb4 49. Rd1 $11) (48... Rxb2 $15 49. Rd1 Ng3 50. Rd6+ Ke7 51. Rxa6 Nxe4 52. Nxe5 Rxf2+ 53. Kh3 f3 54. Nxg6+ Kd8 55. Ra8+ Kc7) 49. Ng5+ $11 Kf6 (49... Ke7 $11) 50. Nf3 $1 $15 (50. Nh7+ Ke7 51. Rc1 f3+ 52. Kh3 Rxb4 $17) 50... Ke6 (50... Rxb4 51. Rd1 $11) (50... Rxb2 $15 51. Rd1 Ng3 52. Rd6+ Ke7 53. Nxe5 Nxe4 54. Rxa6 Rxf2+ 55. Kh3 f3) 51. Rd1 Nf6 52. Rd8 $2 (52. Ng5+ $11 {and White has nothing to worry.} Ke7 53. Nf3) 52... Rxb2 $19 53. Ng5+ Ke7 54. Ra8 c3 $2 ({Worse is} 54... Rxb4 55. Rxa6 c3 56. Rc6 $17 (56. Re6+ $2 Kd7 $19)) (54... Ng4 $19 55. Ra7+ Ke8 56. Ra8+ Ke7 57. Ra7+ Ke8 58. Ra8+ Kd7 59. Ra7+ Kc8 60. Rxa6 Nxf2) 55. Rxa6 $2 (55. Ra7+ $1 $11 Ke8 56. Ra8+ Ke7 57. Ra7+ Ke8 58. Ra8+ Ke7) 55... c2 $2 (55... Ng4 $19 56. Ra7+ Ke8) 56. Rc6 {[#]} Kd7 $1 57. Rc5 Rxb4 (57... Ng4 {keeps more tension.} 58. Nf7 Ke6 59. Kf3 Nxf2 60. Nxe5 g5) 58. Rxc2 Nxe4 59. Nf3 Ke6 60. Re2 {[%cal Oe2e4] Rxe4! is the strong threat.} ({Of course not} 60. Rc6+ Nd6 61. Rc5 Nf7 $15) 60... Kd5 61. Ra2 Nc3 62. Ra3 Nb5 63. Rd3+ Nd4 (63... Ke6 {with more complications.} 64. Rd8 Nd6 65. Ng5+ Kf5 66. Nf3 Nf7) 64. Nxd4 exd4 $11 {KR-KR} 65. Ra3 {Prevents Ra4.} Rb7 66. a6 Ra7 67. Kf3 g5 68. Ra4 $2 {[%mdl 8192]} (68. Ke2 $11) 68... d3 $19 69. Ra5+ Kd4 {[%cal Og5g4] ( -> ...g4+!)} 70. Rxg5 Rxa6 71. Rg8 Rd6 72. Rc8 Rd5 73. Rc7 Rd8 74. Rc6 Rd5 75. Rc7 $1 Rc5 76. Rd7+ {[#]} Kc3 $1 77. Kxf4 d2 78. Ke4 {[#]} Kc2 $2 (78... Rc8 $1 {mates} 79. f4 Re8+ 80. Kf5 Re3 81. Rc7+ Kb3 82. Rd7 Kc2 83. Kg6 Rd3 84. Rc7+ Kb3 85. Rb7+ Kc4 86. Rc7+ Kd4 87. Rd7+ Ke3 88. Rc7 d1=Q 89. Re7+ Kf2 90. f5 Qg4+ 91. Kf6 Rd6+ 92. Re6 Rd7 93. Rd6 Rxd6+ 94. Ke7 Qd4 95. Ke8 Rf6 96. Ke7 Qd6+ 97. Ke8 Rf8#) 79. f4 $1 $11 {[%cal Bf2f4,Bf4f5,Bf5f6,Bf6f7][%mdl 32] The position is equal.} d1=Q 80. Rxd1 Kxd1 {KR-KP} 81. f5 Rc2 82. f6 Rf2 83. Ke5 Ke2 84. Ke6 Kf3 85. f7 Kg4 86. Ke7 Kg5 {Black had all chances to win.  Weighted Error Value: White=0.31/Black=0.28 (precise)} 1/2-1/2

[Event "BAN-chT Golden Jubilee 2021-22"]
[Site "Dhaka"]
[Date "2022.03.19"]
[Round "10.21"]
[White "Mollah Abdullah, Al Rakib"]
[Black "Ghosh, Diptayan"]
[Result "0-1"]
[WhiteElo "2426"]
[BlackElo "2541"]
[Annotator "TA"]
[PlyCount "66"]
[EventDate "2022.03.10"]
[EventType "team-tourn"]
[EventCountry "BAN"]
[SourceTitle "playchess.com"]
[Source "ChessBase"]
[SourceQuality "1"]

{[%evp 26,66,-4,-11,-8,-14,-14,-14,-14,-20,0,0,0,0,22,19,22,18,22,21,22,0,0,0,22,18,25,0,0,0,0,-118,0,-531,-536,-577,-576,-1685,-1642,-1599,-1495,-1346,-1280]} 1. d4 Nf6 2. Nf3 d5 3. c4 e6 4. cxd5 exd5 5. Bg5 Be7 6. Nc3 c6 7. Qc2 g6 8. e3 Bf5 9. Bd3 Bxd3 10. Qxd3 Nbd7 11. O-O O-O 12. Rab1 a5 13. a3 Re8 14. Qc2 Nb6 {was the old line (14...Ne4). D36: Queen's Gambit Declined: Exchange Variation: Main line (5 Bg5 c6 6 Qc2).} 15. Bxf6 Bxf6 16. Nd2 Nc8 {The position is equal.} 17. b4 axb4 18. axb4 b5 19. Ne2 Qb6 20. Rfc1 Ra6 21. Ra1 Rxa1 22. Rxa1 Be7 23. Qc3 {[#]} (23. Nf3 $5 {[%cal Rf3e5]}) 23... Bd6 $5 $146 {[%mdl 8] An interesting novelty.} ({Predecessor:} 23... Nd6 24. Nb3 Ne4 25. Qe1 Qb7 26. Nf4 Bd6 27. Nd3 Qc7 28. h3 Qc8 29. Na5 Bb8 {½-½ (40) Ivkov,B (2530)-Torre,E (2520) Sochi 1980}) 24. Nb3 Ne7 25. Nc5 {aiming for Nd7.} Qc7 {Inhibits Nd7.} 26. g3 Qc8 27. Ra7 Qg4 28. Kf1 {[#]} (28. Qc2 $11) 28... Nf5 (28... Qh3+ $1 $17 29. Ke1 Qxh2) 29. Nd7 $2 {[%mdl 8192] [#]} (29. Ng1 $1 $11) 29... Nxe3+ $1 $19 {[%mdl 512] Black is clearly winning.} 30. fxe3 (30. Ke1 Qf3) 30... Qf3+ 31. Ke1 {Ne5 is the strong threat.} Rxe3 {[%csl Ge3][%cal Rf3e2]} 32. Nf6+ Kg7 {[%csl Ge3][%cal Rf3e2]} 33. Ne8+ Kh8 {Weighted Error Value: White=0.89/Black=0.11 (very precise)} 0-1

[Event "BAN-chT Golden Jubilee 2021-22"]
[Site "Dhaka"]
[Date "2022.03.19"]
[Round "10.22"]
[White "Shyam, Sundar M."]
[Black "Erigaisi Arjun"]
[Result "0-1"]
[WhiteElo "2528"]
[BlackElo "2633"]
[Annotator "TA"]
[PlyCount "82"]
[EventDate "2022.03.10"]
[EventType "team-tourn"]
[EventCountry "BAN"]
[SourceTitle "playchess.com"]
[Source "ChessBase"]
[SourceQuality "1"]

{[%evp 17,82,19,57,52,50,58,58,65,54,55,59,61,49,50,54,51,61,49,41,55,43,-35,-39,-63,-29,-30,0,-93,-84,-128,-63,-39,-44,-100,-99,-67,-84,-201,-201,-201,-201,-258,-257,-231,-173,-399,-366,-493,-427,-466,-469,-452,-450,-730,-730,-710,-705,-705,-705,-691,-677,-625,-625,-625,-613,-29986,-29987]} 1. e4 c5 2. Nf3 d6 3. d4 cxd4 4. Nxd4 Nf6 5. Nc3 Nc6 6. Be2 g6 7. Be3 Bg7 8. Qd2 {outshines the older 8.0-0.} O-O 9. O-O-O d5 (9... Ng4 {with more complications.} 10. Bxg4 Bxg4 11. f3 Bd7 12. Kb1 Qa5) 10. exd5 {B72: Sicilian Dragon: 6 Be3, lines with h3+Bc4 and sidelines.} Nxd5 11. Nxc6 bxc6 12. Nxd5 {White is slightly better.} cxd5 13. Qxd5 Qc7 14. Qxa8 Bf5 {[%csl Gf5,LRa8,LRc2][%cal Rc7c2,Bc8f5,Bf5e4,Be4g2,Bg2h3][%mdl 32] [#]} 15. Qxf8+ $1 Kxf8 {[%csl Gf5][%cal Rc7c2]} 16. Rd2 {Strongly threatening Rhd1.} Qb8 17. b3 {aiming for Rhd1.} Bc3 18. Bh6+ {[#]} Kg8 $146 ({Predecessor:} 18... Ke8 19. Rd5 e6 20. Bb5+ Ke7 21. Bg5+ f6 22. Rd7+ Kf8 23. Bh6+ Kg8 24. Rhd1 Ba5 {1-0 (38) Lujan,C (2330)-Bengherabi,K (2106) Caleta 2020}) 19. Rd5 (19. Rdd1 $14) 19... Be4 $15 {[%csl LRd5,LRg2]} 20. Rc5 Bg7 21. Be3 Bxg2 22. Ba6 Bh3 $1 $17 {[%mdl 1024] Black has strong compensation.} ({Don't play} 22... Bxh1 23. Rc8+ Qxc8 24. Bxc8 $14) 23. c3 {[#]} (23. Bf1 $142 Bf5 24. Bd3 Bxd3 25. cxd3) 23... h5 (23... Be5 $1 $17 24. Kb2 Bf4) 24. Bc4 $15 Bf6 25. Rg1 {[#] To avoid Bg2} ({White should play} 25. Bd5 $15) 25... Kh7 $1 $17 26. Bxf7 Bf5 27. f4 (27. Bd5 $17) 27... Qb7 $19 {...Qe4 is the strong threat.} 28. Rxf5 gxf5 29. Bg6+ Kh8 30. Bxf5 Qf3 31. Bd2 (31. Kd2 {was the only chance.}) 31... Bxc3 32. Bxc3+ Qxc3+ {[%mdl 4096] Endgame KQ-KRB} 33. Kb1 Qd2 {[%csl LRf4,LRh2] Prevents Rg2.} 34. h3 Qxf4 35. Bg6 (35. Bc2 $142 Qh2 36. Re1) 35... Qe3 36. Rh1 h4 37. Bc2 Qf3 38. Rh2 Qg3 39. Rh1 {To avoid Qg1+} Qg2 40. Re1 Qxh3 41. Rxe7 Qf1+ {Weighted Error Value: White=0.67/Black=0.06 (flawless)} 0-1

[Event "BAN-chT Golden Jubilee 2021-22"]
[Site "Dhaka"]
[Date "2022.03.19"]
[Round "10.23"]
[White "Gukesh D"]
[Black "Ahmed, Shafiq"]
[Result "1-0"]
[WhiteElo "2614"]
[BlackElo "2106"]
[Annotator "TA"]
[PlyCount "87"]
[EventDate "2022.03.10"]
[EventType "team-tourn"]
[EventCountry "BAN"]
[SourceTitle "playchess.com"]
[Source "ChessBase"]
[SourceQuality "1"]

{[%evp 12,87,46,50,54,41,43,31,31,0,66,70,91,91,93,93,97,94,132,125,158,119,144,109,111,120,151,148,165,104,167,170,167,172,327,325,322,305,470,436,486,490,460,490,527,530,520,444,433,414,450,375,601,564,621,568,549,431,869,852,1172,298,1928,370,918,612,778,772,793,779,2290,2191,29985,29983,29983,29984,2841,1656]} 1. d4 f5 2. c4 Nf6 3. Nf3 e6 4. g3 Be7 5. Bg2 O-O 6. O-O c6 7. b3 d6 {A92: Classical Dutch: Classical Stonewall (with ...Be7): Early deviations.} 8. Qc2 Na6 9. Ba3 {[#]} Rb8 $146 {White is slightly better.} ({Predecessor:} 9... Bd7 10. Nbd2 Be8 11. Rae1 Nc7 12. Bb2 Kh8 13. a3 Bh5 14. c5 Bxf3 15. Bxf3 d5 {0-1 (50) Rapoport,V-Leusing,A Frankfurt 2002}) 10. Nbd2 Qa5 (10... e5 $1 $11) 11. Bb2 $14 d5 12. a3 Qd8 13. Ne5 Nd7 14. Nd3 {White is more active.} Bg5 15. e3 Bh6 16. Rae1 g5 17. f3 Nc7 18. e4 f4 19. Rf2 Nf6 20. e5 ({White should try} 20. Bf1 $18) 20... fxg3 21. hxg3 $18 Nh5 22. Nf1 Bd7 $2 (22... Rf7 23. Qe2 dxc4) 23. Bh3 Be8 24. Bg4 Ng7 (24... Bg6 $142 25. Rh2 Qe8 26. cxd5 Nxd5) 25. Rh2 Nf5 26. Bxf5 Rxf5 27. Rxh6 Rxf3 28. Qe2 Rf8 29. Nf2 Bg6 30. Rh2 Kg7 31. Ne3 Rh8 $2 (31... h5 32. a4 Rf7 33. cxd5 cxd5) 32. Neg4 Ne8 33. Bc1 h6 34. Kg2 Qb6 (34... dxc4 $142 35. bxc4 b5) 35. c5 Qb5 36. b4 $2 (36. Qe3) 36... Qxb4 $2 (36... Qxe2 37. Rxe2 b6 38. cxb6 axb6) 37. Rg1 $2 (37. axb4 a5 38. Reh1) 37... Qb3 $2 (37... Qxd4 38. Rgh1 Qc4 39. Qxc4 dxc4 40. Bxg5 h5) 38. Rgh1 {[%cal Oc1g5] [#] Hoping for Bxg5!} h5 39. Bxg5 {And now Bf6+ would win.} Rh7 40. Nf6 Nxf6 41. exf6+ {[%mdl 64] [#] Discovered Attack} Kg8 42. Qxe6+ Bf7 43. Qf5 Re8 44. Rb1 {Weighted Error Value: White=0.21 (precise) /Black=0.43} 1-0

[Event "BAN-chT Golden Jubilee 2021-22"]
[Site "Dhaka"]
[Date "2022.03.19"]
[Round "10.24"]
[White "Bhuiyan, Golam Mostafa"]
[Black "Rahman, Ziaur"]
[Result "0-1"]
[WhiteElo "2104"]
[BlackElo "2417"]
[Annotator "TA"]
[PlyCount "98"]
[EventDate "2022.03.10"]
[EventType "team-tourn"]
[EventCountry "BAN"]
[SourceTitle "playchess.com"]
[Source "ChessBase"]
[SourceQuality "1"]

{[%evp 9,98,29,26,12,24,10,34,31,35,-39,0,0,0,-23,18,27,60,25,61,0,14,8,22,-61,9,-41,16,-41,-27,-39,0,21,9,22,26,-7,0,-43,-22,-89,76,0,0,-14,8,-48,-45,-45,-45,-45,-45,-45,-45,-45,-45,-45,-45,-45,-46,-47,-56,-78,-52,-45,-46,-79,-75,-131,0,-72,-68,-45,-82,-127,-9,-69,-43,-44,-35,-50,0,-294,-290,-559,-574,-491,-513,-1000,-981,-837,-798]} 1. d4 d6 2. c4 e5 3. d5 g6 4. Nc3 Nd7 5. g3 {[#]} Bh6 $146 ({Predecessor:} 5... Nh6 6. e4 f6 7. Be3 Nf7 8. Qd2 Be7 9. Nf3 f5 10. exf5 gxf5 11. Bh3 Nf8 12. Qc2 e4 13. Nd4 Ne5 14. O-O-O Bg5 15. Nxf5 Bxf5 16. Bxf5 Bxe3+ 17. fxe3 Nxc4 {1-0 (17) Bajraktari,S (1910)-Boeye,L (1999) Brasschaat 2009}) 6. Bg2 {A41: 1 d4 d6: Tartakower System and Modern Defence.} Bxc1 7. Rxc1 Ngf6 8. Nf3 {White is slightly better.} O-O 9. h4 (9. O-O $14) 9... h6 10. Qd2 Kg7 11. b4 Nh7 (11... a5 $142) 12. c5 Ndf6 13. O-O Ne8 14. Nh2 (14. e4 $14) 14... f5 15. e3 Nhf6 16. f4 (16. Rfe1 $11) 16... Qe7 (16... e4 $15) 17. Nf3 (17. e4 $11) 17... a5 (17... e4 $15 18. cxd6 Nxd6) 18. a3 (18. cxd6 $11 cxd6 19. Na4) 18... axb4 $15 19. axb4 exf4 (19... Ne4 $15 20. cxd6 cxd6 21. Nxe4 fxe4) 20. exf4 $11 dxc5 21. Rfe1 Qd6 22. b5 {[%mdl 1024] White has compensation.} Qd8 23. Ne5 (23. Qe3 $11) 23... Nd6 $15 24. Qf2 {[#]} (24. Nd1 $1 $11) 24... Nh5 $2 (24... b6 $1 $17 {stays on course.}) 25. Bf3 (25. Qxc5 $16 b6 26. Qd4) 25... b6 $11 26. Re3 Bd7 27. Rce1 (27. Bxh5 $11 gxh5 28. Qe2) 27... Be8 (27... Nxb5 $2 28. Nxd7 Nd4 29. Nxf8 Kxf8 30. Bxh5 gxh5 31. Re5 $18) ({Don't take} 27... Bxb5 28. Nxb5 Nxb5 29. Nxg6 $18) 28. Bxh5 gxh5 29. Qf3 Qf6 30. Qe2 Rg8 31. Kh2 Kh8 32. Qb2 Qg7 33. Qe2 Ra3 {[%cal Oe8b5]} 34. Qb2 Ra5 35. Qe2 Bxb5 36. Nxb5 Rxb5 37. Qxh5 Rb4 38. Qf3 (38. Kh1 $142) 38... Ra8 (38... Kh7 $17 39. Rg1 Rb2+ 40. Kh1 Qf6) 39. R3e2 (39. Qh5 $1 $11 Rg8 40. Kh1) 39... Rba4 40. Qh5 {aiming for Ng6+.} Rg8 $1 41. Re3 (41. Rg1 $142) 41... Ra2+ ({Black should try} 41... Rd4 $17 {White must now prevent ...b5.} 42. Kh1 c4) 42. Kh1 (42. R1e2 $11 Rxe2+ 43. Qxe2) 42... Rf2 43. Nd3 Rd2 {Hoping for ...Ne4.} 44. Ne5 Rxd5 $40 {[%mdl 128] Black is up to no good.} ({Better is} 44... Rd4 $1 $15) 45. Ng4 $2 {[%mdl 8192] [#]} Qg6 $1 $19 46. Qxh6+ (46. Qxg6 {might work better.} Rxg6 47. Ne5) 46... Qxh6 {Black is clearly winning.} 47. Nxh6 Rg6 48. Re6 (48. Re5 $142 c6 49. Rb1) 48... Rxe6 49. Rxe6 c4 {Weighted Error Value: White=0.52/Black=0.26 (precise)} 0-1

[Event "BAN-chT Golden Jubilee 2021-22"]
[Site "Dhaka"]
[Date "2022.03.20"]
[Round "11.1"]
[White "Hossain, Showkat Pollab"]
[Black "Murshed, Niaz"]
[Result "0-1"]
[WhiteElo "2037"]
[BlackElo "2418"]
[Annotator "TA"]
[PlyCount "88"]
[EventDate "2022.03.10"]
[EventType "team-tourn"]
[EventCountry "BAN"]
[SourceTitle "playchess.com"]
[Source "ChessBase"]
[SourceQuality "1"]

{[%evp 9,88,37,41,0,6,0,0,0,0,3,7,0,0,0,-5,-8,-12,-4,-12,-2,0,-28,-22,-33,-25,-29,-24,-57,-19,-21,-16,-32,-17,-18,-23,-56,-54,-101,-87,-128,-117,-139,-135,-163,-153,-156,-154,-183,-179,-256,-268,-311,-268,-340,-278,-274,-270,-276,-235,-367,-375,-377,-371,-481,-445,-591,-577,-827,-711,-704,-646,-715,-697,-710,-698,-643,-680,-650,-557,-1177,-1087]} 1. e4 d5 2. exd5 Qxd5 3. Nc3 Qd8 4. Nf3 Nf6 5. Bc4 a6 6. a4 {Inhibits b5. B01: Scandinavian Defence.} c5 7. d4 cxd4 8. Qxd4 {The position is equal.} Qxd4 9. Nxd4 e6 {[#] Inhibits Nd5.} 10. O-O $146 ({Predecessor:} 10. Bg5 Be7 11. O-O Bd7 12. Rad1 Nc6 13. Nf3 h6 14. Be3 O-O 15. Ne4 Rad8 16. Nxf6+ Bxf6 17. Bb6 {1-0 (17) Rey Martinez,J (1828)-Criado Riesgo,M (1694) Collado Villalba 2020}) 10... Bd7 11. h3 Nc6 12. Nxc6 Bxc6 13. Be3 Rc8 {[%cal Oc6g2]} 14. Bd3 Bd6 15. Bd4 O-O 16. Rfe1 Rfd8 17. Bb6 Rd7 18. Ba5 Be7 19. Red1 Bc5 20. Ne2 b6 21. Bc3 a5 22. Bxf6 gxf6 23. Ng3 {White is now going downhill.} (23. c3 $15) 23... Rcd8 24. Re1 (24. Nh5 $142 Be7 25. b3) 24... f5 $17 25. Kf1 Rd4 {Black is more active.} 26. Ne2 Rxa4 27. Rxa4 Bxa4 28. Nc1 Kg7 29. b3 (29. g4 $142) 29... Bc6 $19 30. Ne2 Kf6 31. Ng3 Rg8 32. Nh5+ Kg5 33. g4 Bd4 (33... fxg4 $2 34. hxg4 Rh8 35. Re5+ Kxg4 36. Be2+ Kh4 37. Nf4 $19) 34. c3 (34. Ng3 $142 Bc3 35. Rd1) 34... Bxc3 {A strong pair of Bishops.} 35. Rc1 {[#]} Rc8 $1 {[%cal Of5g4]} 36. Ba6 ({Reject} 36. f4+ Kh4 37. Ba6 Bd2 $19) (36. Ng3 Bb4) 36... Rc7 {Strongly threatening ...Bd5. Black is clearly winning.} 37. Kg1 ({Stronger than} 37. f4+ Kg6 38. Bd3 (38. Rxc3 $2 Bb5+ 39. Bxb5 Rxc3 $19) 38... Bb4 $19) 37... Bf3 38. Bc4 Bd2 39. Rc2 Bb4 {[%cal Oa5a4]} 40. Ra2 fxg4 41. hxg4 Bxg4 42. Ng3 Bf3 43. Ra1 Bd6 44. Ne2 {[#]} Rxc4 $1 {Weighted Error Value: White=0.46/Black=0.11 (very precise)} 0-1